Every Geometry Dash Level - Statistics

General Stats
  • This quiz has been taken 51 times
  • The average score is 18 of 21
Answer Stats
Level Answer % Correct
1 Stereo Madness
97%
5 Base After Base
95%
8 Time Machine
95%
2 Back on Track
92%
7 Jumper
92%
6 Can't Let Go
89%
9 Cycles
89%
4 Dry Out
89%
3 Polargeist
89%
18 Theory of Everything 2
89%
13 Electroman Adventures
87%
10 XStep
87%
14 Clubstep
84%
11 Clutterfunk
84%
12 Theory of Everything
84%
21 Fingerdash
82%
20 Deadlocked
79%
15 Electrodynamix
79%
16 Hexagon Force
79%
17 Blast Processing
74%
19 Geometrical Dominator
74%
No matching quizzes found
Score Distribution
Percent of People with Each Score
Percentile by Number Answered
Your Score History
You have not taken this quiz